[Event "Augsburg op"]
[Site "Augsburg"]
[Date "2013.12.28"]
[Round "4"]
[White "Friedrich, Wolfgang"]
[Black "Hammer, Evander"]
[Result "1/2-1/2"]
[WhiteElo "2031"]
[BlackElo "1593"]
[PlyCount "36"]
[EventDate "2013.12.27"]
[EventType "swiss"]
[EventRounds "7"]
[EventCountry "GER"]
[SourceTitle "CBM 158 Extra"]
[Source "ChessBase"]
[SourceDate "2014.02.28"]
[SourceVersion "1"]
[SourceVersionDate "2014.02.28"]
[SourceQuality "1"]

1. e4 c5 2. Nf3 Nc6 3. Nc3 d6 4. Bb5 Bg4 5. h3 Bh5 6. Bxc6+ bxc6 7. d4 Bxf3 8. gxf3 cxd4 9. Qxd4 Qb6 10. Qa4 Nf6 11. Nd5 Nxd5 12. exd5 Qb5 13. Qxb5 cxb5 14. Be3 e5 15. Rg1 g6 16. f4 Bg7 17. 0-0-0 Kd7 18. fxe5 Bxe5 1/2-1/2

[Event "Augsburg Afro op-A 18th"]
[Site "Augsburg"]
[Date "2011.08.05"]
[Round "3"]
[White "Friedrich, Wolfgang"]
[Black "Rolle, Eric"]
[Result "0-1"]
[WhiteElo "2062"]
[BlackElo "2214"]
[PlyCount "80"]
[EventDate "2011.08.04"]
[EventType "swiss"]
[EventRounds "7"]
[EventCountry "GER"]
[SourceTitle "EXT 2015"]
[Source "ChessBase"]
[SourceDate "2014.11.20"]
[SourceVersion "1"]
[SourceVersionDate "2014.11.20"]
[SourceQuality "1"]

1. d4 Nf6 2. Nf3 d6 3. Nc3 Nbd7 4. e4 e5 5. Be2 Be7 6. 0-0 0-0 7. h3 c6 8. Be3 Qc7 9. a4 exd4 10. Nxd4 Nc5 11. Bf3 a5 12. Re1 Re8 13. Qd2 Bf8 14. Bg5 Nfd7 15. Rad1 Ne5 16. Be2 Ng6 17. Bh5 h6 18. Bxg6 fxg6 19. Bf4 Qf7 20. b3 g5 21. Bg3 g4 22. hxg4 Bxg4 23. f3 Bd7 24. Nde2 Re6 25. Nf4 Rf6 26. Nce2 b6 27. Nc1 Re8 28. Ncd3 d5 29. exd5 Nxd3 30. Nxd3 Rxe1+ 31. Nxe1 Qg6 32. Be5 Rf5 33. f4 Bc5+ 34. Kf1 Rh5 35. Qd3 Bf5 36. Qc4 Rh1+ 37. Ke2 Qg3 38. dxc6+ Kh7 39. Bd4 Bg4+ 40. Kd2 Bxd1 0-1

[Event "Bad Woerishofen op 20th"]
[Site "Bad Woerishofen"]
[Date "2004.03.19"]
[Round "1"]
[White "Savchenko, Stanislav"]
[Black "Friedrich, Wolfgang"]
[Result "1-0"]
[WhiteElo "2543"]
[BlackElo "2108"]
[PlyCount "55"]
[EventDate "2004.03.18"]
[EventType "swiss"]
[EventRounds "9"]
[EventCountry "GER"]
[SourceTitle "CBM 099 Extra"]
[Source "ChessBase"]
[SourceDate "2004.05.04"]
[SourceVersion "1"]
[SourceVersionDate "2004.05.04"]
[SourceQuality "1"]

1. d4 e6 2. c4 f5 3. Nf3 Nf6 4. Nc3 d5 5. Bf4 c6 6. e3 Bd6 7. Bd3 0-0 8. 0-0 Bxf4 9. exf4 Ne4 10. Ne5 Nxc3 11. bxc3 Qh4 12. g3 Qh6 13. Rb1 g5 14. fxg5 Qxg5 15. f4 Qg7 16. Qe2 Nd7 17. Nxd7 Qxd7 18. Rfe1 Qc7 19. cxd5 cxd5 20. c4 Bd7 21. cxd5 exd5 22. Qe5 Qa5 23. Bb5 Rae8 24. Qxd5+ Kh8 25. Rxe8 Rxe8 26. Qxd7 Re1+ 27. Rxe1 Qxe1+ 28. Kg2 1-0

[Event "Augsburg Afro op"]
[Site "Augsburg"]
[Date "2003.08.08"]
[Round "3"]
[White "Friedrich, Wolfgang"]
[Black "Giessmann, Stephan"]
[Result "1-0"]
[WhiteElo "2075"]
[BlackElo "2261"]
[PlyCount "57"]
[EventDate "2003.08.06"]
[EventType "swiss"]
[EventRounds "7"]
[EventCountry "GER"]
[SourceTitle "EXT 2006"]
[Source "ChessBase"]
[SourceDate "2005.11.24"]
[SourceVersion "1"]
[SourceVersionDate "2005.11.24"]
[SourceQuality "1"]

1. d4 d5 2. Nf3 Nf6 3. Bf4 c6 4. c3 Bf5 5. e3 Nbd7 6. Bd3 Bxd3 7. Qxd3 e6 8. Nbd2 Be7 9. h3 0-0 10. 0-0 c5 11. Rad1 Rc8 12. Qb1 cxd4 13. exd4 b5 14. Qd3 b4 15. cxb4 Bxb4 16. a3 Bxd2 17. Nxd2 Qb6 18. b4 a5 19. Rb1 axb4 20. axb4 Ra8 21. Rfc1 Ra4 22. Bc7 Qb7 23. Ba5 Nb6 24. Qb5 Ra2 25. Nf3 Nfd7 26. Ne5 Rb8 27. Rc6 g6 28. Rbc1 Nxe5 29. Rxb6 1-0

[Event "Augsburg Afro op"]
[Site "Augsburg"]
[Date "2003.08.08"]
[Round "4"]
[White "Safyanovsky, Mark"]
[Black "Friedrich, Wolfgang"]
[Result "1-0"]
[WhiteElo "2402"]
[BlackElo "2075"]
[PlyCount "79"]
[EventDate "2003.08.06"]
[EventType "swiss"]
[EventRounds "7"]
[EventCountry "GER"]
[SourceTitle "EXT 2006"]
[Source "ChessBase"]
[SourceDate "2005.11.24"]
[SourceVersion "1"]
[SourceVersionDate "2005.11.24"]
[SourceQuality "1"]

1. d4 e6 2. Nf3 f5 3. Bf4 Nf6 4. Nbd2 d6 5. h3 g6 6. c3 Bg7 7. Qc2 0-0 8. e4 Nh5 9. Bh2 f4 10. 0-0-0 Bh6 11. Kb1 a5 12. Bd3 Qe8 13. e5 d5 14. g4 fxg3 15. fxg3 Bxd2 16. Nxd2 c5 17. dxc5 Nc6 18. Rhf1 Bd7 19. g4 Ng7 20. Nf3 Qe7 21. Bg1 Rf7 22. Qe2 Raf8 23. Be3 Ne8 24. Bh6 Ng7 25. Qe3 Rxf3 26. Rxf3 Rxf3 27. Qxf3 Nxe5 28. Qf4 Nxd3 29. Rxd3 e5 30. Qg5 Qxg5 31. Bxg5 Bc6 32. Bh6 e4 33. Rd1 Ne6 34. Rf1 Be8 35. Kc2 Bf7 36. Be3 g5 37. Rf5 h6 38. Rxd5 Nf4 39. Rd8+ Kg7 40. Rd7 1-0

[Event "Augsburg Afro op"]
[Site "Augsburg"]
[Date "2003.08.07"]
[Round "1"]
[White "Friedrich, Wolfgang"]
[Black "Billing, Alexander"]
[Result "1-0"]
[WhiteElo "2075"]
[BlackElo "1537"]
[PlyCount "64"]
[EventDate "2003.08.06"]
[EventType "swiss"]
[EventRounds "7"]
[EventCountry "GER"]
[SourceTitle "EXT 2006"]
[Source "ChessBase"]
[SourceDate "2005.11.24"]
[SourceVersion "1"]
[SourceVersionDate "2005.11.24"]
[SourceQuality "1"]

1. d4 d5 2. Nf3 Nf6 3. Bf4 Bf5 4. e3 e6 5. Bd3 Bxd3 6. Qxd3 c5 7. c3 Qb6 8. Nbd2 Nc6 9. 0-0 Nh5 10. Bg3 cxd4 11. exd4 Nxg3 12. hxg3 Rb8 13. b4 Bd6 14. Rfe1 h6 15. Nf1 Ne7 16. Ne3 Rc8 17. Rac1 Ng6 18. Nxd5 Qc6 19. c4 0-0 20. b5 Qd7 21. Nc3 Qc7 22. c5 Be7 23. Qe4 b6 24. Na4 bxc5 25. Nxc5 Qa5 26. a4 Bxc5 27. dxc5 a6 28. Qc4 axb5 29. axb5 Rb8 30. Nd4 Ne7 31. Ra1 Qd8 32. Ra7 Rc8 1-0

[Event "Bad Woerishofen op 19th"]
[Site "Bad Woerishofen"]
[Date "2003.03.16"]
[Round "4"]
[White "Friedrich, Wolfgang"]
[Black "Sailer, Wolfgang"]
[Result "0-1"]
[WhiteElo "2079"]
[BlackElo "2182"]
[PlyCount "84"]
[EventDate "2003.03.13"]
[EventType "swiss"]
[EventRounds "9"]
[EventCountry "GER"]
[SourceTitle "CBM 093 Extra"]
[Source "ChessBase"]
[SourceDate "2003.05.09"]
[SourceVersion "1"]
[SourceVersionDate "2003.05.09"]
[SourceQuality "1"]

1. d4 Nf6 2. Nf3 g6 3. Bf4 Bg7 4. e3 0-0 5. Nbd2 d5 6. Bd3 c5 7. c3 Nc6 8. 0-0 Nd7 9. Re1 e5 10. dxe5 Ndxe5 11. Be2 Bf5 12. Nb3 b6 13. Nxe5 Nxe5 14. g4 Be6 15. Bxe5 Bxe5 16. f4 Bg7 17. Bf3 Qh4 18. Rc1 Rad8 19. Rc2 a5 20. Rg2 a4 21. Nd2 a3 22. bxa3 Bxc3 23. f5 Bc8 24. Ree2 Ba6 25. Ref2 Rfe8 26. fxg6 hxg6 27. Be2 Bb7 28. Nf3 Qe7 29. Bb5 Qxe3 30. Bxe8 Rxe8 31. Kh1 d4 32. h4 c4 33. Kh2 d3 34. h5 g5 35. Qa4 Qf4+ 36. Rg3 Re6 37. Kg2 Be1 38. Qd1 Re2 39. Rxe2 Qxg3+ 40. Kf1 Qxf3+ 41. Kxe1 Qxe2+ 42. Qxe2 dxe2 0-1

[Event "Bad Woerishofen op 19th"]
[Site "Bad Woerishofen"]
[Date "2003.03.13"]
[Round "1"]
[White "Handke, Florian"]
[Black "Friedrich, Wolfgang"]
[Result "1-0"]
[WhiteElo "2516"]
[BlackElo "2079"]
[PlyCount "49"]
[EventDate "2003.03.13"]
[EventType "swiss"]
[EventRounds "9"]
[EventCountry "GER"]
[SourceTitle "CBM 093 Extra"]
[Source "ChessBase"]
[SourceDate "2003.05.09"]
[SourceVersion "1"]
[SourceVersionDate "2003.05.09"]
[SourceQuality "1"]

1. e4 e6 2. d4 d5 3. Nc3 Bb4 4. Bd3 dxe4 5. Bxe4 Nf6 6. Bf3 c5 7. a3 Bxc3+ 8. bxc3 Qc7 9. Ne2 Nbd7 10. 0-0 0-0 11. Rb1 Rd8 12. Bf4 Qa5 13. Qc1 Nd5 14. Bd6 Nxc3 15. Nxc3 Qxc3 16. Qg5 f6 17. Qg4 Nb6 18. dxc5 Nd5 19. Qh4 b5 20. Be4 h6 21. Rb3 Qc4 22. Rg3 g5 23. Rg4 Kg7 24. Qh5 f5 25. Be5+ 1-0

[Event "Schwaben-ch"]
[Site "Mering"]
[Date "2002.05.30"]
[Round "2"]
[White "Friedrich, Wolfgang"]
[Black "Safyanovsky, Mark"]
[Result "0-1"]
[WhiteElo "2086"]
[BlackElo "2426"]
[PlyCount "80"]
[EventDate "2002.05.??"]
[EventType "swiss"]
[EventRounds "9"]
[EventCountry "GER"]
[SourceTitle "EXT 2005"]
[Source "ChessBase"]
[SourceDate "2004.11.15"]
[SourceVersion "1"]
[SourceVersionDate "2004.11.15"]
[SourceQuality "1"]

1. e4 g6 2. d4 Bg7 3. c3 d6 4. f4 Nf6 5. Bd3 0-0 6. Nf3 c5 7. d5 e6 8. c4 exd5 9. cxd5 Nxe4 10. Bxe4 Re8 11. Nbd2 f5 12. 0-0 fxe4 13. Ng5 Na6 14. Ngxe4 Nc7 15. Re1 Bf5 16. Nc3 Qh4 17. Rxe8+ Rxe8 18. Nf3 Bd4+ 19. Kh1 Qf2 20. Bd2 Bg4 21. Qf1 Bxf3 22. Qxf2 Bxf2 23. gxf3 Bd4 24. Rd1 Bxc3 25. Bxc3 Nb5 26. Re1 Rxe1+ 27. Bxe1 Kf7 28. Bg3 Ke7 29. Kg2 Nc7 30. Kh3 Nxd5 31. Kg4 Ne3+ 32. Kg5 Nf5 33. Bf2 Kf7 34. Kg4 b6 35. h4 Kf6 36. h5 gxh5+ 37. Kxh5 d5 38. Kg4 d4 39. Be1 c4 40. Kh3 Ne3 0-1

[Event "Regionalliga SW 0102"]
[Site "Bayern"]
[Date "2002.04.14"]
[Round "8.5"]
[White "Gabriel, Wilfried"]
[Black "Friedrich, Wolfgang"]
[Result "1/2-1/2"]
[WhiteElo "1845"]
[BlackElo "1905"]
[PlyCount "35"]
[EventDate "2001.10.07"]
[EventType "team-tourn"]
[EventRounds "9"]
[EventCountry "GER"]
[SourceTitle "EXT 2003"]
[Source "ChessBase"]
[SourceDate "2002.11.25"]
[SourceVersion "1"]
[SourceVersionDate "2002.11.25"]
[SourceQuality "1"]
[WhiteTeam "Pasing II"]
[BlackTeam "Bobingen"]
[WhiteTeamCountry "GER"]
[BlackTeamCountry "GER"]

1. e4 e6 2. d4 d5 3. Nd2 Be7 4. c3 Nf6 5. e5 Nfd7 6. Qg4 0-0 7. Bd3 f5 8. Qh5 Qe8 9. Qxe8 Rxe8 10. f4 b6 11. Ne2 Ba6 12. Bxa6 Nxa6 13. Nf3 c5 14. Be3 Rac8 15. h4 h5 16. Ng5 Nf8 17. Ng3 g6 18. Ne2 1/2-1/2

[Event "Bad Woerishofen op 17th"]
[Site "Bad Woerishofen"]
[Date "2001.??.??"]
[Round "4"]
[White "Boehm, Roland"]
[Black "Friedrich, Wolfgang"]
[Result "1/2-1/2"]
[WhiteElo "1879"]
[BlackElo "2095"]
[PlyCount "87"]
[EventDate "2001.03.15"]
[EventType "swiss"]
[EventRounds "9"]
[EventCountry "GER"]
[SourceTitle "CBM 081 Extra"]
[Source "ChessBase"]
[SourceDate "2001.05.06"]
[SourceVersion "1"]
[SourceVersionDate "2001.05.06"]
[SourceQuality "1"]

1. d4 e6 2. c4 f5 3. g3 Nf6 4. Bg2 d5 5. Nh3 c6 6. Qc2 Be7 7. 0-0 0-0 8. Nd2 Bd7 9. Nf3 Na6 10. Bf4 Ne4 11. Be5 Be8 12. Ne1 Nb4 13. Qd1 dxc4 14. Nf4 Qd7 15. a3 Nd5 16. Qc2 g5 17. Nh3 b5 18. Bxe4 fxe4 19. Qxe4 Bg6 20. Qg2 c3 21. bxc3 Nxc3 22. f3 c5 23. e4 cxd4 24. Qd2 h6 25. Kg2 Rad8 26. Nf2 Kh7 27. Ned3 a5 28. h4 Qb7 29. hxg5 Bxg5 30. Bf4 Qf7 31. Ng4 Bxf4 32. Nxf4 Nxe4 33. fxe4 Bxe4+ 34. Kg1 Qg7 35. Qe2 Bf5 36. Nxe6 d3 37. Nxf8+ Rxf8 38. Qf3 Rf7 39. Ne3 Qd4 40. Kh2 Be6 41. Qxf7+ Bxf7 42. Rxf7+ Kg8 43. Raf1 Qxe3 44. Rf8+ 1/2-1/2

[Event "Bad Woerishofen op 17th"]
[Site "Bad Woerishofen"]
[Date "2001.??.??"]
[Round "5"]
[White "Friedrich, Wolfgang"]
[Black "Spieker, Hans Joachim"]
[Result "1/2-1/2"]
[WhiteElo "2095"]
[BlackElo "1846"]
[PlyCount "50"]
[EventDate "2001.03.15"]
[EventType "swiss"]
[EventRounds "9"]
[EventCountry "GER"]
[SourceTitle "CBM 081 Extra"]
[Source "ChessBase"]
[SourceDate "2001.05.06"]
[SourceVersion "1"]
[SourceVersionDate "2001.05.06"]
[SourceQuality "1"]

1. e4 c5 2. d4 cxd4 3. c3 dxc3 4. Nxc3 Nc6 5. Nf3 e6 6. Bc4 d6 7. Qe2 Nf6 8. 0-0 Bd7 9. Rd1 Qb8 10. a4 Be7 11. Bf4 Ne5 12. Nb5 0-0 13. Nxe5 dxe5 14. Bg5 Bxb5 15. Bxb5 Rd8 16. a5 Rd4 17. Rxd4 exd4 18. e5 Nd5 19. Bxe7 Nxe7 20. Qe4 Ng6 21. f4 Qc7 22. a6 Rb8 23. Qxd4 bxa6 24. Bf1 Qb6 25. Rd1 Qxd4+ 1/2-1/2

[Event "Bad Woerishofen op 16th"]
[Site "Bad Woerishofen"]
[Date "2000.03.20"]
[Round "4"]
[White "Friedrich, Wolfgang"]
[Black "Liszka, Guenter"]
[Result "1-0"]
[WhiteElo "2104"]
[BlackElo "1770"]
[PlyCount "103"]
[EventDate "2000.03.??"]
[EventType "swiss"]
[EventRounds "9"]
[EventCountry "GER"]
[SourceTitle "CBM 075 Extra"]
[Source "ChessBase"]
[SourceDate "2000.05.11"]
[SourceVersion "2"]
[SourceVersionDate "2000.05.11"]
[SourceQuality "1"]

1. e4 c5 2. c3 d5 3. exd5 Qxd5 4. d4 Nc6 5. Nf3 Bg4 6. Be3 e6 7. Be2 cxd4 8. cxd4 Bb4+ 9. Nc3 Nge7 10. 0-0 Bxc3 11. bxc3 0-0 12. c4 Qa5 13. Qb3 Qc7 14. Rac1 Nf5 15. Qb2 Nxe3 16. fxe3 Na5 17. Bd3 Bxf3 18. Rxf3 Rad8 19. Qf2 Qe7 20. Rh3 g6 21. e4 Nc6 22. d5 Ne5 23. Be2 exd5 24. cxd5 b6 25. Rhc3 Rd7 26. Qf4 a5 27. g4 f6 28. Bb5 Ra7 29. h3 Rd8 30. a4 Rf8 31. Qf2 Qd6 32. Qe3 Kg7 33. R3c2 Rff7 34. Bc6 Nxc6 35. Rxc6 Qb4 36. R1c4 Qb1+ 37. Kg2 Rab7 38. Qd4 b5 39. Rc1 Qa2+ 40. R1c2 Qa3 41. g5 bxa4 42. gxf6+ Kg8 43. Rc8+ Rf8 44. Rxf8+ Kxf8 45. Qc5+ Qxc5 46. Rxc5 Ra7 47. e5 a3 48. e6 Ra8 49. Rc3 a2 50. Ra3 a4 51. Rxa2 a3 52. d6 1-0

[Event "Postbauer Heng op"]
[Site "Bayern"]
[Date "1999.04.??"]
[Round "8"]
[White "Friedrich, Wolfgang"]
[Black "Schmid, Siegfried"]
[Result "1/2-1/2"]
[WhiteElo "2098"]
[BlackElo "2213"]
[PlyCount "56"]
[EventDate "1999.??.??"]
[EventType "swiss"]
[EventRounds "9"]
[EventCountry "GER"]
[SourceTitle "EXT 2001"]
[Source "ChessBase"]
[SourceDate "2000.11.22"]
[SourceVersion "1"]
[SourceVersionDate "2000.11.22"]
[SourceQuality "1"]

1. e4 c6 2. d4 g6 3. Nc3 Bg7 4. Be3 d5 5. Nf3 Bg4 6. Be2 e6 7. h3 Bxf3 8. Bxf3 Nf6 9. e5 Nfd7 10. Ne2 c5 11. c3 Nc6 12. 0-0 0-0 13. Qd2 Qa5 14. Rfd1 Rfc8 15. h4 cxd4 16. cxd4 Qxd2 17. Bxd2 f6 18. Bg4 f5 19. Bh3 Bf8 20. g3 Nb6 21. b3 Ba3 22. Bc1 Bb4 23. Bb2 a5 24. a4 Bf8 25. Nf4 Kf7 26. Bf1 Bh6 27. Nd3 Bf8 28. Nf4 Bh6 1/2-1/2